|
|
|
|
| LEADER |
00000nab a2200000 a 4500 |
| 001 |
vtls000282360 |
| 003 |
SK-MaSNL |
| 005 |
20260305015517.0 |
| 008 |
210623c1987 xo 0 slo |
| 015 |
|
|
|a SNBRB19rr/mm-uuuuu
|
| 035 |
|
|
|a CL0292478
|
| 040 |
|
|
|a SNKBUCL
|b slo
|c SNKBUCL
|e AACR2
|
| 041 |
0 |
|
|a slo
|
| 044 |
|
|
|a xo
|c SK
|
| 080 |
|
|
|a 327(100-11)(47)
|2 1981
|
| 080 |
|
|
|a 061.1(100)
|2 1981
|
| 245 |
0 |
0 |
|a Utvárať nové ovzdušie vo svete
|b Z návštevy Javiera Péreza de Cuellar v Sovietskom zväze
|
| 610 |
2 |
7 |
|a Organizácia spojených národov
|2 SNKKA
|9 84034
|
| 650 |
0 |
7 |
|a zahraničná politika
|2 snkbucl
|9 971
|
| 651 |
|
7 |
|a Sovietsky zväz
|2 snkbucl
|9 22126
|
| 655 |
|
7 |
|a články z novín a časopisov
|2 snkbucl
|9 267496
|
| 773 |
0 |
|
|t Pravda
|g Roč. 68, č. 151 (1. 7. 1987), s. 7
|
| 850 |
|
|
|a Slovenská národná knižnica v Martine
|a MTA001
|
| 852 |
|
|
|a SNK
|b KIS3GCP
|
| 958 |
|
|
|a RK
|
| 958 |
|
|
|a SU
|
| 992 |
|
|
|a RBX
|
| 999 |
|
|
|c 3275521
|d 3277451
|